000 00588cam a2200217 i 4500
001 3657332
005 20180111081417.0
008 760805s1975 it a b i001 0 eng
010 _a 76369920
015 _aS75-34
040 _aDLC
_cDLC
_dDLC
041 _aeng
080 _a636.0855.0913 GOH
082 0 0 _a636.0855.0913 GOH
100 1 _a9
101 _aMJE
245 1 0 _aTropical feeds :
_cby Bo Göhl.
504 _aBibliography: p. 567-583.
906 _a7
_bcbc
_corignew
_d4
_encip
_f19
_gy-gencatlg
942 _2ddc
_cBK
999 _c40125
_d40125